Oropos and Euboea in the early iron age : acts of an International Round Table, University of Thessaly, June 18-20, 2004

Αποθηκεύτηκε σε:
Λεπτομέρειες βιβλιογραφικής εγγραφής
Συγγραφή απο Οργανισμό/Αρχή: Πανεπιστήμιο Θεσσαλίας Τμήμα Ιστορίας, Αρχαιολογίας και Κοινωνικής Ανθρωπολογίας
Άλλοι συγγραφείς: Μαζαράκης-Αινιάν, Αλέξανδρος, 1959- (Επιμελητής έκδοσης)
Μορφή: Βιβλίο
Γλώσσα:English
Δημοσίευση: Volos : University of Thessaly Publications, 2007
Θέματα:
Ετικέτες: Προσθήκη ετικέτας
Δεν υπάρχουν, Καταχωρήστε ετικέτα πρώτοι!

MARC

LEADER 00000cam a2200000 i 4500
001 1/66100
008 071205s2007 eng d
020 |a 978-960-8029-55-2 
035 |l 10092826 
040 |a GR-MY-UA  |b gre  |e aacr 
041 0 |a eng 
082 0 |a 930.16  |2 (22) 
245 1 0 |a Oropos and Euboea in the early iron age :  |b acts of an International Round Table, University of Thessaly, June 18-20, 2004 /  |c edited by A. Mazarakis Ainian ; University of Thessaly. Department of History, Archaeology and Social Anthropology 
260 |a Volos :   |b University of Thessaly Publications,   |c 2007 
300 |a 445 σ.;  |b πιν., εικ., φωτ., χάρτες;  |c 28 εκ. 
504 |a Βιβλιογραφία: σ. 17-19 
650 0 0 |a Excavations (Archaeology)  |z Greece  |z Euboea Island  |x Congresses. 
650 0 0 |a Iron age  |z Greece  |z Euboea Island. 
651 0 |a Euboea Island (Greece)  |x Antiquities. 
651 0 |a Oropos (Greece)  |x Antiquities. 
700 1 |4 edt  |a Μαζαράκης-Αινιάν, Αλέξανδρος,   |d 1959- 
710 2 |a Πανεπιστήμιο Θεσσαλίας  |b Τμήμα Ιστορίας, Αρχαιολογίας και Κοινωνικής Ανθρωπολογίας. 
852 |a INST  |b RHODES  |e 20071205  |h 930.16 ORO  |p 005400025085  |q 005400025085  |t BK  |y 0 
901 |a BIBL4-2007-3 
909 |a Ρ  |b 128135 
970 |a ΧΑΡΙΟΠΟΛΙΤΟΥ  |b ΚΩΝΣΤΑΝΤΙΝΑ  |z 2007/12/05